Movies Quiz

Random Movies or Animal Quiz

Movie Titles: Person, Animal, or Neither? Quiz Stats

 Plays Quiz Updated Jun 28, 2016

Challenge
Share
Tweet
Embed
Score 0/34 Timer 03:00
5 Plays Today
Title Person (P), Animal (A), or Neither (N) % Correct
Rocky???
91.3%
Seabiscuit???
90.2%
Spartacus???
88.8%
Babe???
88.7%
Casablanca???
88.5%
Jumanji???
88.1%
Zoolander???
88.1%
Amadeus???
87.7%
Juno???
87.3%
Bolt???
85.7%
Hitch???
85.6%
Cujo???
84.4%
Benji???
83.4%
Rudy???
83.4%
Fargo???
82.9%
Gattaca???
81.2%
Rango???
79.6%
Title Person (P), Animal (A), or Neither (N) % Correct
Milk???
79.6%
Argo???
77.6%
Flubber???
76%
Troy???
73.5%
Beethoven???
71.2%
Salt???
70.2%
Machete???
64.2%
Valkyrie???
63.5%
Swordfish???
60.5%
Radio???
57%
Shiloh???
54.2%
Sounder???
52.5%
Bullitt???
49%
Keanu???
39.5%
Papillon???
38.2%
Pi???
29.2%
Ratatouille???
27.4%

You're not logged in!

Compare scores with friends on all Sporcle quizzes.
Join for Free
OR
Log In

You Might Also Like...

Show Comments

Extras

Top Quizzes Today


Score Distribution

Your Account Isn't Verified!

In order to create a playlist on Sporcle, you need to verify the email address you used during registration. Go to your Sporcle Settings to finish the process.

Report this User

Report this user for behavior that violates our Community Guidelines.

Details: